Loreto College Library, Kolkata
WEBOPAC (ONLINE PUBLIC ACCESS CATALOGUE)

Three plays (Record no. 17475)

MARC details
000 -LEADER
fixed length control field 00476nam a2200169Ia 4500
008 - FIXED-LENGTH DATA ELEMENTS--GENERAL INFORMATION
fixed length control field 131103s9999 xx 000 0 und d
020 ## - ISBN | অাই এস বি এন
ISBN | অাই এস বি এন 1854770381
040 ## - CATALOGING SOURCE
Original cataloging agency Loreto College
041 ## - LANGUAGE CODE
Language code English
082 ## - DDC | ডিউই
Classification number | বর্গসংখ্যা 822.08/BYR
Book Number | গ্রন্থাঙ্ক LCLIB/45719/EnSem 474
100 ## - MAIN ENTRY--PERSONAL NAME | মুখ্য সংলেখ - ব্যাক্তিনাম
Personal name | ব্যাক্তিনাম Byron,Lord
245 ## - TITLE STATEMENT | অাখ্যা বিবরণী
Title | অাখ্যা Three plays
Sub title | উপঅাখ্যা Sardanaplus;the two Foscari;Cain : 1821
Statement of responsibility | লেখকের দায়িত্বের বিবরণ Lord Byron
260 ## - IMPRINT | প্রকাশনা ক্ষেত্র
Place of publication | প্রকাশ স্থান Oxford
Name of publisher | প্রকাশকের নাম Woodstock Books
Date of publication | প্রকাশ কাল 1990
300 ## - PHYSICAL DESCRIPTION |
Page / Vol. No | পৃষ্ঠা / খন্ড সংখ্যা 439p
850 ## - HOLDING INSTITUTION
Holding institution LCLIB/822.08/BYR
942 ## - ADDED ENTRY ELEMENTS (KOHA)
Koha item type Books
Holdings
Withdrawn status Lost status Damaged status Not for loan Home library Current library Date acquired Total Checkouts Full call number Accession No. Date last seen Price effective from Koha item type
        Loreto College Loreto College 04/11/2013   822.08/BYR LCLIB/45719/EnSem 474 B17866 04/11/2013 04/11/2013 Books